[Event "4NCL Division 1a"]
[Site "Telford, ENG"]
[Date "2018.03.17"]
[Round "7.11"]
[White "Mitchell, Martin"]
[Black "Sadler, Matthew D"]
[Result "0-1"]
[WhiteElo "2237"]
[BlackElo "2690"]
[PlyCount "76"]
[EventDate "2018.03.17"]
[WhiteTeam "Spirit of Atticus A"]
[BlackTeam "Guildford 1"]

1. d4 Nf6 2. c4 e6 3. Nc3 Bb4 4. e3 O-O 5. Nge2 Re8 6. a3 Bf8 7. Ng3 d5 8. Be2
b6 9. cxd5 exd5 10. b4 Bb7 11. O-O a6 12. Bf3 Nc6 13. Qb3 Ne7 14. e4 dxe4 15.
Ncxe4 Nxe4 16. Nxe4 Bd5 17. Qc2 Nf5 18. Ng5 g6 19. Bxd5 Qxd5 20. Nf3 Re4 21.
Rd1 Rae8 22. Qxc7 Rg4 23. Qc3 Bd6 24. g3 h5 25. Bg5 h4 26. Rac1 hxg3 27. Qc6
gxh2+ 28. Kh1 Qe6 29. Bf6 Rf8 30. Be5 Rd8 31. Qxb6 Qe7 32. Qxa6 Kh7 33. Re1
Bxe5 34. Rxe5 Qf8 35. d5 Qh6 36. Qf6 Qxc1+ 37. Re1 Qf4 38. Qxf7+ Kh6 0-1

[Event "4NCL Division 1a"]
[Site "Telford, ENG"]
[Date "2018.03.17"]
[Round "7.21"]
[White "Richardson, John R"]
[Black "Gordon, Stephen J"]
[Result "1/2-1/2"]
[WhiteElo "2267"]
[BlackElo "2531"]
[PlyCount "79"]
[EventDate "2018.03.17"]
[WhiteTeam "The ADs"]
[BlackTeam "3Cs 1"]

1. d4 Nf6 2. c4 e6 3. Nc3 Bb4 4. e3 O-O 5. Nge2 Re8 6. g3 d5 7. Bg2 c6 8. Qb3
Bf8 9. O-O Nbd7 10. Rd1 Nb6 11. c5 Nbd7 12. e4 Nxe4 13. Nxe4 dxe4 14. Nc3 f5
15. f3 exf3 16. Bxf3 Kh8 17. Bf4 Qf6 18. Rd2 e5 19. Re1 e4 20. Bg2 Qg6 21. Bf1
Be7 22. Bc4 Rf8 23. a4 Bg5 24. Ne2 Nf6 25. d5 Nh5 26. Qe3 Nxf4 27. Nxf4 Qe8 28.
dxc6 Qxc6 29. Rd6 Bxf4 30. gxf4 Qxa4 31. b3 Qb4 32. Red1 b5 33. cxb6 axb6 34.
Rxb6 Qe7 35. Rbd6 Qh4 36. Qg3 Qe7 37. Qe3 Qh4 38. Qg3 Qe7 39. Qe3 Qh4 40. Qg3
1/2-1/2

[Event "4NCL Division 1a"]
[Site "Telford, ENG"]
[Date "2018.03.17"]
[Round "7.41"]
[White "Sowray, Peter J"]
[Black "Roberson, Peter T"]
[Result "1-0"]
[WhiteElo "2384"]
[BlackElo "2412"]
[PlyCount "65"]
[EventDate "2018.03.17"]
[WhiteTeam "Barbican 4NCL 2"]
[BlackTeam "Grantham Sharks 1"]

1. d4 e6 2. c4 Nf6 3. Nc3 Bb4 4. e3 O-O 5. Nge2 Re8 6. a3 Bf8 7. Ng3 d5 8. Be2
b6 9. O-O Bb7 10. b3 c5 11. dxc5 bxc5 12. Bf3 Nc6 13. cxd5 Ne5 14. dxe6 Nxf3+
15. gxf3 Rxe6 16. e4 Ba6 17. Re1 Nd7 18. Bf4 Qh4 19. Nd5 Rd8 20. Nf5 Qh3 21.
Bc7 Rg6+ 22. Bg3 Rxg3+ 23. hxg3 Ne5 24. Re3 Kh8 25. Qc2 g5 26. Qc3 f6 27. Nxf6
Nc6 28. Nd7+ Nd4 29. Nxf8 Kg8 30. Qxc5 Ne2+ 31. Rxe2 Bxe2 32. Qe7 Bxf3 33. Qg7#
1-0